| 000 | 00000nam##2200000za#4500 |
| 001 | 9.616012 |
| 003 | CaOODSP |
| 005 | 20210615101404 |
| 007 | ta |
| 008 | 150406|2002||||xxc||||| f|0| 0 eng|d |
| 040 | |aCaOODSP|beng |
| 043 | |an-cn--- |
| 086 | 1 |aNH18-23/101E |
| 110 | 2 |aCanada Mortgage and Housing Corporation. |
| 245 | 10|aPro-home: a progressive, planned approach to affordable home ownership |
| 260 | |aOttawa - Ontario : |bCanada Mortgage and Housing Corporation |c2002. |
| 300 | |a3p. : |bfigs. ; |c28 cm. |
| 490 | 1 |aResearch highlight. Socio-economic series |v101 |
| 563 | |aPamphlet |
| 590 | |a02-34|b2002-08-23 |
| 690 | 07|aHousing|2gcpds |
| 690 | 07|aReal estate|2gcpds |
| 775 | 08|tPro-home: l'accession à la propriété rendue abordable grâce à une méthode progressive et mesurée |w(CaOODSP)9.625961 |
| 776 | 0#|tPro-Home : |w(CaOODSP)9.571713 |
| 830 | #0|aResearch highlight. Socio-economic series ;|v101|w(CaOODSP)9.514827 |
| 986 | |a62775 |